000 00731nam a2200229 i 4500
005 20250217033552.0
008 071030s1972 pl a |000 0apol
015 _aPB 1972/6097
040 _aWA N
_cWA N
_bpol
080 _a323:308](438):92
100 1 _aRopelewski, Andrzej
_d(1923-2012).
245 1 0 _aPionierskie lato /
_cAndrzej Ropelewski.
260 _aWarszawa :
_b"Czytelnik",
_c1972.
300 _a234, [2] s. ;
_c18 cm.
600 1 4 _aRopelewski, Andrzej
_d(1923-2012)
651 4 _aKłodzko (woj. dolnośląskie ; okręg)
_y1944-1956 r.
655 4 _aPamiętniki polskie
_y1944-1956 r.
997 _ajs
610 2 4 _aArmia Krajowa.
_91088
710 2 _aSpółdzielnia Wydawnicza "Czytelnik".
_4pbl.
942 _2z
_cBK
999 _c74235
_d74235